Practical plant nematology : (Record no. 181)

MARC details
000 -LEADER
fixed length control field 00603nam a22001457a 4500
020 ## - INTERNATIONAL STANDARD BOOK NUMBER
ISBN 9781312947
050 ## - CALL NUMBER
Classification number SB998.N4
100 ## - AUTHOR
Personal name Coyne, D L
-- Nicol, J M
-- Claudius-Cole, B
110 ## - AUTHOR
CORPORATE AUTHOR Technical Centre for Agricultural and Rural Cooperation
245 ## - TITLE
Title Practical plant nematology :
Remainder of title a field and laboratory guide
Statement of responsibility, etc D.L. Coyne, J.M. Nicol and B. Claudius-Cole
260 ## - PUBLICATION INFORMATION
Place of publication Cotonou, Benin :
Name of publisher International Institute of Tropical Agriculture,
Year of publication 2007
300 ## - DESCRIPTION
Number of Pages vi, 82 pages :
Other physical details illustrations (chiefly color) ;
Dimensions 27 cm
650 ## - SUBJECTS
Topical Term Plant nematodes.
-- Nematode diseases of plants.
942 ## - ADDED ENTRY ELEMENTS (KOHA)
Koha item type Books
Holdings
Withdrawn status Lost status Home library Current library Date acquired Full call number Accession Number Koha item type
    Methodist University Library Wenchi Faculty Methodist University Library Wenchi Faculty 16/10/2017 SB998.N4 22892 Books
    Methodist University Library Wenchi Faculty Methodist University Library Wenchi Faculty 13/11/2017 SB998.N4 1703 Books
Copyright © 2026  MUG Library